000 01477nam0a2200349 4500
001 RU\NLR\BIBL_A\012453737
005 20210225154304.0
010 _a978-5-9908264-3-4
_9600
021 _aRU
_bКН-П-20-062941
_9КН-П-20-4727
035 _a(NLR Aleph) 012453737
035 _a(RuMoRGB)010448027
090 _a11988020
_c11988020
100 _a20210215d2018 u y0rusy50 ca
101 0 _arus
102 _aRU
105 _a |||zzzz000zy
181 0 _ai
_baxxe
182 0 _an
200 1 _aМодернизация экономики депрессивного региона
_e[монография]
_fГ. И. Идзиев
_g[Институт социально-экономических исследований ДНЦ РАН (ИСЭИ ДНЦ РАН)]
203 _aТекст
_bвизуальный
_cнепосредственный
210 _aМахачкала
_cИСЭИ ДНЦ РАН
_d2018
215 _a232 с.
_cил., табл.
_d21
320 _aБиблиогр.: с. 213-230 (246 назв.)
606 1 _aДепрессивные территории
_xНародное хозяйство
_yРоссийская Федерация
_92405535
_3RU\NLR\AUTH\6601653066
686 1 _aУ9(2)-971(2Р)
686 1 _aУ21(2)9(2Р-6Д)
700 1 _aИдзиев
_bГ. И.
_f1975-
_gГаджимурад Идзиевич
942 _cBOOK
980 _aNBR
980 _aNB